[Event "ch-IRI"]
[Site "Mashad IRI"]
[Date "2003.09.27"]
[Round "5"]
[White "Vassalam,M"]
[Black "Niknaddaf,A"]
[Result "0-1"]
[WhiteElo "2243"]
[BlackElo "2324"]

1.e4 c5 2.Nf3 e6 3.d4 cxd4 4.Nxd4 a6 5.Bd3 Nf6 6.O-O Qc7 7.c4 Nc6 8.Nxc6 dxc6
9.Qe2 e5 10.Nc3 Bc5 11.Na4 Bg4 12.Qe1 Bd4 13.c5 Rd8 14.Bc4 Qe7 15.Be3 Bxe3
16.Qxe3 Rd4 17.Bb3 O-O 18.f3 Be6 19.Rac1 Rfd8 20.Bxe6 Qxe6 21.b3 Nh5 22.Nb2 Nf4
23.Rcd1 Qe7 24.g3 Ne6 25.b4 Rxb4 26.Rxd8+ Nxd8 27.Nd3 Ra4 28.Rd1 Rd4 29.f4 Ne6
30.Rc1 exf4 31.gxf4 Qh4 32.Rb1 g5 33.Rxb7 Qg4+ 34.Kf2 gxf4 35.Qe2 f3 36.Qf1 Qh4+
37.Kg1 Qg5+ 38.Kh1  0-1

[Event "2nd League TCh-SCG"]
[Site "Belgrade SCG"]
[Date "2003.09.28"]
[Round "2"]
[White "Gosic,B"]
[Black "Pucarevic,M"]
[Result "1-0"]
[WhiteElo "2310"]
[BlackElo "2317"]

1.e4 c5 2.Nf3 e6 3.d4 cxd4 4.Nxd4 a6 5.Bd3 Nf6 6.O-O d6 7.c4 Nbd7 8.Nc3 g6
9.Be3 Bg7 10.Rc1 O-O 11.b4 Qc7 12.f4 Re8 13.Kh1 b6 14.Qe1 Bb7 15.Qh4 Rac8
16.Nf3 Qb8 17.Bd4 e5 18.Be3 exf4 19.Bxf4 h5 20.Bg5 Nh7 21.Bd2 Ne5 22.Nxe5 dxe5
23.Qf2 Qc7 24.Be3 Nf6 25.Bxb6 Qd7 26.Rcd1 Re6 27.h3 Rd6 28.Nd5 Nxd5 29.cxd5 f5
30.Bc5 fxe4 31.Bxe4 Rf6 32.Qg3 Rf5 33.Qxg6  1-0

[Event "ECC"]
[Site "Rethymnon GRE"]
[Date "2003.09.28"]
[Round "1"]
[White "Palac,M"]
[Black "Poeltl,T"]
[Result "1-0"]
[WhiteElo "2561"]
[BlackElo "2182"]

1.e4 c5 2.Nf3 e6 3.d4 cxd4 4.Nxd4 a6 5.Bd3 b5 6.O-O Qc7 7.a4 b4 8.Qe2 Bb7
9.Nd2 Nc6 10.Nxc6 Qxc6 11.Nb3 Qc7 12.Bd2 Nf6 13.c3 a5 14.Nd4 Bc5 15.Nb5 Qe5
16.Kh1 O-O 17.cxb4 axb4 18.f4 Qh5 19.Qe1 Ng4 20.h3 f5 21.Bxb4 fxe4 22.Be2 Bf2
23.Rxf2 Nxf2+ 24.Qxf2 Rxf4 25.Qxf4 Qxe2 26.Bc3 e3 27.Qg3 g6 28.Nd6 Bc6 29.Re1  1-0

[Event "Tatry Open"]
[Site "Tatranske Zruby SVK"]
[Date "2003.09.29"]
[Round "3"]
[White "Petrik,T"]
[Black "Forman,S"]
[Result "1-0"]
[WhiteElo "2407"]
[BlackElo "2252"]

1.e4 c5 2.Nf3 e6 3.d4 cxd4 4.Nxd4 a6 5.Bd3 Qc7 6.O-O Nf6 7.Qe2 Bd6 8.f4 Bc5
9.Be3 Qb6 10.c3 Nc6 11.Kh1 Nxd4 12.cxd4 Bxd4 13.Bxd4 Qxd4 14.Nc3 b5 15.e5 b4
16.exf6 bxc3 17.fxg7 Qxg7 18.bxc3 Bb7 19.f5 Rg8 20.Be4 Qe5 21.fxe6 Qxe6 22.Rf4 d5
23.Qb2 Qe7 24.Bf3 Rg5 25.c4 Qe5 26.Qc1 Rc8 27.Rb1 Rc7 28.Qd2 Kf8 29.Re1 Qd6
30.Rxf7+ Rxf7 31.Qxg5 dxc4 32.Bxb7 Rxb7 33.Qf5+ Rf7 34.Qc8+ Kg7 35.Qxc4 Qd2
36.Qg4+ Kf8 37.Rd1 Qd3 38.Qb4+ Kg7 39.Qb2+ Kg8 40.Qb8+ Kg7 41.Qe5+ Kh6 42.Qe1 Qg6
43.h3 Rb7 44.Qe3+ Kg7 45.Qe5+ Kg8 46.Rd8+ Kf7 47.Qf4+ Ke7 48.Qf8+  1-0

[Event "ch-IRI"]
[Site "Mashad IRI"]
[Date "2003.09.30"]
[Round "9"]
[White "Mahmoud,P"]
[Black "Khaghani,M"]
[Result "0-1"]
[WhiteElo "2297"]
[BlackElo "2212"]

1.e4 c5 2.Nf3 e6 3.d4 cxd4 4.Nxd4 a6 5.Bd3 Nf6 6.O-O Qc7 7.c4 Nc6 8.Nxc6 dxc6
9.Nc3 Bc5 10.Qe2 e5 11.Kh1 O-O 12.f4 Bd4 13.f5 Nd7 14.Rf3 f6 15.Rg3 b5 16.cxb5 axb5
17.a4 Nc5 18.Bb1 b4 19.Ba2+ b3 20.Bb1 Ba6 21.Qh5 Qf7 22.Qh4 Rad8 23.Rh3 h6
24.Bxh6 Bxc3 25.Bd2 Qc4 26.Bd3 Rxd3  0-1

[Event "ECC"]
[Site "Rethymnon GRE"]
[Date "2003.09.30"]
[Round "3"]
[White "Hamalainen,S"]
[Black "Stepak,Y"]
[Result "1/2-1/2"]
[WhiteElo "2189"]
[BlackElo "2268"]

1.e4 c5 2.Nf3 e6 3.d4 cxd4 4.Nxd4 a6 5.Bd3 Qc7 6.Qe2 d6 7.O-O Nf6 8.Kh1 Nc6
9.Nxc6 bxc6 10.c4 e5 11.Nc3 Be7 12.f4 exf4 13.Bxf4 Bg4 14.Qf2 Qa7 15.Qg3 Rd8
16.Rae1 Qd7 17.h3 Bh5 18.c5 dxc5 19.Bxa6 O-O 20.Bc4 Kh8 21.Be3 Bg6 22.e5 Nd5
23.Bc1 Qc7 24.Rd1 Nb6 25.Be2 Nd5 26.Bf3 Nxc3 27.bxc3 Bd3 28.Rfe1 c4 29.Be2 Bxe2
30.Rxd8 Qxd8 31.Rxe2 Bh4 32.Qe3 Qd1+ 33.Kh2 Bg5 34.Re1 Bf4+ 35.Kh1 Bxe3 36.Rxd1 Bxc1
37.Rxc1 Re8 38.Rd1 g6 39.Rd4 Rxe5 40.Rxc4 Ra5 41.a4 c5 42.Kh2 Kg7 43.Kg3  1/2-1/2

[Event "Tatry Open"]
[Site "Tatranske Zruby SVK"]
[Date "2003.10.03"]
[Round "8"]
[White "Jurcisin,I"]
[Black "Forman,S"]
[Result "1/2-1/2"]
[WhiteElo "2129"]
[BlackElo "2252"]

1.e4 c5 2.Nf3 e6 3.d4 cxd4 4.Nxd4 a6 5.Bd3 Qc7 6.O-O Bd6 7.Nf3 Nf6 8.Nbd2 Ng4
9.h3 Bh2+ 10.Kh1 h5 11.Qe2 Bf4 12.g3 Bxd2 13.Bxd2 Ne5 14.Nxe5 Qxe5 15.Bc3 Qg5
16.Kg2 f6 17.f4 Qc5 18.Qf2 Qe7 19.Bd4 b5 20.a4 bxa4 21.Rxa4 Bb7 22.Kh2 Nc6
23.Bc5 d6 24.Bb6 Qd7 25.Rfa1 Nb8 26.b4 Qc6 27.b5 axb5 28.Rxa8 Bxa8 29.Ra5 O-O
30.Rxb5 f5 31.Rb4 Nd7 32.Be3 Nf6 33.Rb6 Nxe4  1/2-1/2

[Event "Osen II"]
[Site "Alushta UKR"]
[Date "2003.10.04"]
[Round "12"]
[White "Rogovski,V"]
[Black "Pavlov,Ma"]
[Result "1-0"]
[WhiteElo "2474"]
[BlackElo "2443"]

1.e4 c5 2.Nf3 e6 3.d4 cxd4 4.Nxd4 a6 5.Bd3 Bc5 6.Nb3 Ba7 7.Nc3 d6 8.Qe2 Ne7
9.Be3 b5 10.Rd1 Nbc6 11.O-O O-O 12.f4 Bxe3+ 13.Qxe3 Rb8 14.e5 d5 15.Qh3 g6
16.Kh1 Kg7 17.Ne2 Qb6 18.Nbd4 b4 19.Qh4 Ng8 20.Nxc6 Qxc6 21.Rf3 a5 22.Rh3 h6
23.Rg3 f5 24.exf6+ Rxf6 25.Nd4 Qb6 26.Nf3 Bd7 27.Ne5 Be8 28.Rf1 a4 29.Ng4 Qd8
30.Nxf6 Qxf6 31.Qxf6+ Nxf6 32.Re3 Bd7 33.Rfe1 Kf7 34.Kg1 Re8 35.h3 Bc6 36.Kf2 Ne4+
37.Bxe4 dxe4 38.Rd1 Bd5 39.Rd4 Rc8 40.Re2  1-0

[Event "HSK IM"]
[Site "Hamburg GER"]
[Date "2003.10.16"]
[Round "6"]
[White "Helm,L"]
[Black "Murdzia,P"]
[Result "1-0"]
[WhiteElo "2199"]
[BlackElo "2446"]

1.e4 c5 2.Nf3 e6 3.d4 cxd4 4.Nxd4 a6 5.Bd3 Bc5 6.Nb3 Be7 7.Nc3 d6 8.O-O b6
9.Be3 Bb7 10.f4 Nd7 11.Qf3 Ngf6 12.Rae1 Qc7 13.Qg3 g6 14.e5 Nh5 15.Qf2 O-O
16.Bd4 Rac8 17.Re3 dxe5 18.fxe5 Bc5 19.g4 Ng7 20.Qf4 Bxd4 21.Nxd4 f5 22.gxf5 exf5
23.Qh6 Nxe5 24.Rh3 Qc5 25.Ne2 Nxd3 26.cxd3 Rfe8 27.Qxh7+ Kf7 28.Rg3 Re6 29.Rxf5+ Qxf5
30.Nxf5 Rg8 31.Nh6+  1-0

[Event "La Raza"]
[Site "Medellin COL"]
[Date "2003.10.16"]
[Round "2"]
[White "Gamboa,N"]
[Black "Zapata,A"]
[Result "1/2-1/2"]
[WhiteElo "2371"]
[BlackElo "2472"]

1.e4 c5 2.Nf3 e6 3.d4 cxd4 4.Nxd4 a6 5.Bd3 Nf6 6.O-O Qc7 7.Qe2 d6 8.c4 g6
9.Nc3 Bg7 10.Bg5 O-O 11.Rfd1 Nbd7 12.Rac1 b6 13.Bb1 Bb7 14.f3 Qb8 15.Qf2 Re8
16.a3 Ra7 17.Qh4 Ba8 18.Kh1 h5 19.Nc2 Nh7 20.Be3 Rc8 21.Ba2 Ne5 22.Na4 Rb7
23.Qf2 Nd7 24.Nb4 Nc5 25.Nc3 Rd7 26.Nd3 Rdc7 27.b4 Nd7 28.Bd4 Bh6 29.Be3 Bg7
30.Nb2 Rc6 31.a4 Rd8 32.Qd2 Bf8 33.f4 Nhf6 34.f5 Kh7 35.fxe6 fxe6 36.Nd3 Re8
37.Nf4 Ne5 38.Qe2 Nfg4 39.Bd2 Qd8 40.Nh3 Be7 41.b5 Rc5 42.bxa6 Qc8 43.Nb5 Qxa6
44.Bb4 Qxa4 45.Bxc5 dxc5 46.Nc7 Rc8 47.Nxe6 Qa3 48.Nef4 Qe3 49.Qxe3 Nxe3
50.Re1 N3g4 51.Nd5 Bd8 52.Rc3 Bc6 53.Ra3 Kh6 54.Rb1 Nd7 55.Kg1 Bf6 56.Nxf6 Ngxf6
57.Re1 Bxe4 58.Nf2 Bf5 59.Re7 Re8 60.Rxe8 Nxe8 61.Nd1 Nd6 62.Ne3 Be6 63.Rd3 Nf7
64.Nd5 Kg7 65.Rd2 Nfe5 66.Nc7 Bf7 67.Nb5 Kf6 68.Nd6 Be6 69.h3 Nc6 70.Rb2 Nb4
71.Bb3 Ne5 72.Rd2 Nec6 73.Ne4+ Kf5 74.Ng3+ Kf6 75.Ne4+ Kf5 76.Nd6+ Kf6 77.Ne8+ Kf7
78.Nc7 Nd4 79.Rf2+ Ke7 80.Nxe6 Kxe6 81.Ba4 Nd3 82.Rd2 Ne5 83.Rb2 Nxc4 84.Rb1 h4
85.Kf2 Kf6 86.Kg1 g5 87.Kf2 b5 88.Bxb5 Na3 89.Rc1 Naxb5 90.Rxc5 Nd6 91.Ra5 N6f5
92.Ra6+ Ne6 93.Ra5 Ned4 94.Rc5 Kg6 95.Rc4 Ne6 96.Kf3 Kh5 97.Rc8 Kg6 98.Ra8 Kf6
99.Ra6 Ng3 100.Ra3 Nf5 101.Ke4 Ne7 102.Ra6 Ng6 103.g3 hxg3 104.Kf3 Kf5 105.Kxg3 Nef4
106.Ra5+ Ne5 107.Ra4 Nh5+ 108.Kg2 Ng6 109.Ra5+  1/2-1/2

[Event "HSK IM"]
[Site "Hamburg GER"]
[Date "2003.10.18"]
[Round "8"]
[White "Helm,L"]
[Black "Van Delft,M"]
[Result "0-1"]
[WhiteElo "2199"]
[BlackElo "2402"]

1.e4 c5 2.Nf3 e6 3.d4 cxd4 4.Nxd4 a6 5.Bd3 Bc5 6.Nb3 Be7 7.Nc3 d6 8.O-O b6
9.f4 Nd7 10.Qf3 Bb7 11.Bd2 Ngf6 12.Rae1 Qc7 13.Qh3 h5 14.Kh1 Ng4 15.Nd1 g6
16.Bc3 Bf6 17.Bxf6 Ndxf6 18.Ne3 O-O-O 19.Nc4 Nxe4 20.Bxe4 Qxc4 21.Bd3 Qc7
22.Qh4 Kb8 23.a4 e5 24.h3 f5 25.Kg1 Qc6 26.Re2 Ne3 27.Rff2 Nd1 28.Rf1 Ne3
29.Rff2 Nd1 30.Rf1 Nxb2  0-1

[Event "TCh-BEL 2003-4"]
[Site "Belgium BEL"]
[Date "2003.10.19"]
[Round "2"]
[White "Hommeles,T"]
[Black "Chuchelov,V"]
[Result "1/2-1/2"]
[WhiteElo "2375"]
[BlackElo "2603"]

1.e4 c5 2.Nf3 e6 3.d4 cxd4 4.Nxd4 a6 5.Bd3 Nf6 6.Qe2 d6 7.f4 g6 8.O-O Bg7
9.Kh1 O-O 10.Nc3 Nbd7 11.Be3 Qc7 12.g4 b5 13.g5 Nh5 14.f5 b4 15.fxe6 bxc3
16.exd7 Bxd7 17.bxc3 Qxc3 18.Nb3 Rae8 19.Rae1 Bc6 20.Nd2 f5 21.gxf6 Nxf6
22.Bg5 Qc5 23.Be3 Qa5 24.Bd4 Nh5 25.Rxf8+ Rxf8 26.Nc4 Qc7 27.Bxg7 Kxg7 28.Qe3 Qe7
29.Qd4+ Qf6 30.c3 Qxd4 31.cxd4 Nf4 32.Bc2 d5 33.Ne5 Ba8 34.exd5 Bxd5+ 35.Be4 Rd8
36.Bxd5 Rxd5 37.Nc6 Rd6 38.Rc1 Nd5 39.Kg2 Rf6 40.a4 Rf4 41.Kg3 h5 42.Re1 h4+
43.Kg2 Rf6 44.Ne5 Nf4+ 45.Kg1 Rb6 46.Kf2 Rb4 47.Rd1 Kf6 48.a5 Rb2+ 49.Kf3 Kf5
50.Ng4 Nd5 51.Rd3 Ra2 52.Nh6+ Kg5 53.Nf7+ Kf6 54.Ke4 Rxa5 55.Rf3+ Kg7 56.Ne5 Nf6+
57.Kf4 Ra2 58.h3 Rg2 59.Rb3 Nh5+ 60.Ke4 Ng3+ 61.Kd5  1/2-1/2

[Event "La Raza"]
[Site "Medellin COL"]
[Date "2003.10.21"]
[Round "11"]
[White "Rohl,J"]
[Black "Zapata,A"]
[Result "1-0"]
[WhiteElo "2390"]
[BlackElo "2472"]

1.e4 c5 2.Nf3 e6 3.d4 cxd4 4.Nxd4 a6 5.Bd3 Nf6 6.O-O Qc7 7.Qe2 d6 8.f4 Nbd7
9.c4 Be7 10.b3 O-O 11.Bb2 g6 12.Nd2 e5 13.Nc2 exf4 14.Rxf4 Ne5 15.Ne3 Be6
16.Raf1 Nh5 17.R4f2 Bh4 18.Nb1 Bxf2+ 19.Rxf2 Rae8 20.g4 Ng7 21.Nc3 Qd8 22.Ncd5 Bxd5
23.Nxd5 f6 24.Bd4 f5 25.gxf5 gxf5 26.Rg2 Qh4 27.Bf2 Qh6 28.Ne3 Ng6 29.exf5 Nf4
30.Qf3 Nxg2 31.Kxg2 Nh5 32.Ng4 Qd2 33.Be4 Rf7 34.Kf1 Qc1+ 35.Kg2 Kf8 36.Be3 Qb2+
37.Kh3 Ke7 38.Nh6 Nf6 39.Nxf7 Kxf7 40.Bd5+ Ke7 41.Be6 d5 42.Qf4 Qc3 43.Qc7+  1-0

[Event "Classics II IM"]
[Site "Gausdal NOR"]
[Date "2003.10.22"]
[Round "2"]
[White "Lie,Es"]
[Black "Miezis,N"]
[Result "1/2-1/2"]
[WhiteElo "2266"]
[BlackElo "2525"]

1.e4 c5 2.Nf3 e6 3.d4 cxd4 4.Nxd4 a6 5.Bd3 Qc7 6.O-O Nf6 7.c4 Nc6 8.Nxc6 dxc6
9.Be3 e5 10.Qb3 Nd7 11.Qc3 Bc5 12.Bc2 a5 13.a3 a4 14.Rd1 b6 15.Bxc5 Nxc5
16.Qb4 O-O 17.Nc3 Qa7 18.Rd6 Bb7 19.Rad1 h6 20.Na2 Ne6 21.Qc3 Nd4 22.R1xd4 exd4
23.Qxd4 Qa5 24.Nc3 Rfe8 25.f4 Qc5 26.Qxc5 bxc5 27.Nxa4 Rad8 28.Rd3 Rd4 29.Rxd4 cxd4
30.Nc5 Bc8 31.Kf2 Be6 32.b3 f5 33.exf5 Bc8 34.Be4 h5 35.Bxc6 Re3 36.Bd5+ Kf8
37.Be6 Bxe6 38.Nxe6+ Kf7 39.Nxd4 Rd3 40.Nb5 Rxb3 41.Nd6+ Ke7 42.Ne4 Rxa3
43.c5 h4 44.g4 Ra2+ 45.Kf3 Ra3+ 46.Kf2 Rh3 47.Kg2 Re3 48.Ng5 Rc3 49.Nf3 Rc2+
50.Kh3 Rc3 51.Kg2 Rc2+  1/2-1/2

[Event "WYb16"]
[Site "Halkidiki GRE"]
[Date "2003.10.23"]
[Round "1"]
[White "Mamedov,Rau"]
[Black "Feuerstack,A"]
[Result "1-0"]
[WhiteElo "2452"]
[BlackElo "2196"]

1.e4 c5 2.Nf3 e6 3.d4 cxd4 4.Nxd4 a6 5.Bd3 Bc5 6.Nb3 Be7 7.O-O d6 8.f4 Nd7
9.Qe2 Qc7 10.c4 Ngf6 11.Nc3 b6 12.Bd2 Bb7 13.Rae1 h5 14.Rf3 g6 15.h3 h4 16.Be3 Nh5
17.Qf2 Ng3 18.Bd4 Bf6 19.e5 dxe5 20.fxe5 Be7 21.Rxf7 Nf5 22.Bxf5 gxf5 23.Rg7 Kf8
24.Rg4 Ke8 25.Rg7 Kf8 26.Nd5 Qxc4 27.Nxe7 Kxg7 28.Nxf5+ exf5 29.e6+ Nf6 30.Qxf5 Rhf8
31.e7 Rf7 32.e8=Q Rxe8 33.Rxe8 Qd5 34.Qg4+ Kh7 35.Qxh4+ Kg6 36.Qg3+ Qg5 37.Qxg5+ Kxg5
38.Re5+ Kg6 39.Re6  1-0

[Event "WYb16"]
[Site "Halkidiki GRE"]
[Date "2003.10.23"]
[Round "1"]
[White "Fossati,R"]
[Black "Predojevic,B"]
[Result "0-1"]
[WhiteElo "2206"]
[BlackElo "2462"]

1.e4 c5 2.Nf3 e6 3.d4 cxd4 4.Nxd4 a6 5.Bd3 Nf6 6.O-O d6 7.Be3 Be7 8.f4 Qc7
9.Qf3 Nbd7 10.a4 b6 11.Nc3 Bb7 12.Rae1 g6 13.Bf2 Nc5 14.Qh3 e5 15.fxe5 dxe5
16.Nf3 Nh5 17.g3 Nxd3 18.cxd3 Rd8 19.Rc1 Bc5 20.d4 exd4 21.b4 dxc3 22.bxc5 bxc5
23.Rxc3 O-O 24.Rxc5 Qd7 25.Qxd7 Rxd7 26.Ne5 Re7 27.Nc4 Bxe4 28.Rxh5 gxh5
29.Bc5 Rfe8 30.Bxe7 Rxe7 31.Rf6 Re6 32.Rxe6 fxe6 33.Kf2 Kg7 34.Ke3 Bc6 35.a5 Kf6
36.Kf4 Bb5 37.Ne5 Ke7 38.Ke4 Kd6 39.Kd4 Be2 40.h4 Bg4 41.Nc4+ Kc6 42.Na3 Bd1
43.Nb1 Bc2 44.Nc3 Bf5 45.Kc4 e5 46.Ne2 Be6+ 47.Kd3 Bd5 48.Nc3 Kc5 49.Na4+ Kb4
50.Nb6 Bc6 51.Kc2 e4 52.Kd2 Kxa5 53.Nc4+ Kb4 54.Ne3 Kb3  0-1

[Event "WYg18"]
[Site "Halkidiki GRE"]
[Date "2003.10.24"]
[Round "2"]
[White "Bronnikova,E"]
[Black "Machalova,V"]
[Result "1-0"]
[WhiteElo "2271"]
[BlackElo "2128"]

1.e4 c5 2.Nf3 e6 3.d4 cxd4 4.Nxd4 a6 5.Bd3 Nf6 6.O-O Qc7 7.Qe2 d6 8.b3 g6
9.Bb2 Bg7 10.Nd2 O-O 11.Kh1 h6 12.Rae1 Bd7 13.f4 e5 14.fxe5 dxe5 15.N4f3 Nc6
16.Nc4 Rfe8 17.Qf2 b5 18.Nb6 Ng4 19.Qc5 Rad8 20.Nd5 Qb8 21.h3 Nf6 22.Nxe5 Nxd5
23.Nxd7 Rxd7 24.Bxg7 Kxg7 25.exd5 Ne5 26.Qd4 Kg8 27.c4 Rde7 28.Be4 bxc4 29.bxc4 Qb4
30.d6 Rd7 31.Bd5 Rxd6 32.Rxe5 Rxe5 33.Qxe5  1-0

[Event "Masters"]
[Site "Rosny sous Bois FRA"]
[Date "2003.10.25"]
[Round "1"]
[White "Geenen,M"]
[Black "Velikov,P"]
[Result "1/2-1/2"]
[WhiteElo "2331"]
[BlackElo "2443"]

1.e4 c5 2.Nf3 e6 3.d4 cxd4 4.Nxd4 a6 5.Bd3 Bc5 6.Nb3 Ba7 7.Qe2 Nc6 8.Be3 Bxe3
9.Qxe3 d6 10.Nc3 Nf6 11.O-O-O O-O 12.f4 Qc7 13.Qh3 Nb4 14.g4 b5 15.g5 Ne8
16.f5 d5 17.f6 Nxd3+ 18.Rxd3 Qf4+ 19.Qe3 Qxe3+ 20.Rxe3 gxf6 21.exd5 fxg5
22.Rg1 Kh8  1/2-1/2

[Event "CCAS Open"]
[Site "Cap d'Agde FRA"]
[Date "2003.10.26"]
[Round "5"]
[White "Apicella,M"]
[Black "Santo Roman,M"]
[Result "1/2-1/2"]
[WhiteElo "2542"]
[BlackElo "2385"]

1.e4 c5 2.Nf3 e6 3.d4 cxd4 4.Nxd4 a6 5.Bd3 Nc6 6.Nb3 Nf6 7.O-O d5 8.exd5 Nxd5
9.Be4 Be7 10.Qf3 Ne5 11.Qg3 Ng6 12.Rd1 Bd6 13.Qd3 Qc7 14.g3 Ne5 15.Qe2 O-O
16.Nc3 Nxc3 17.bxc3 Bd7 18.Bf4 Bb5 19.Qe1 Nc4  1/2-1/2

[Event "Classics II IM"]
[Site "Gausdal NOR"]
[Date "2003.10.26"]
[Round "7"]
[White "Meyer,Fa"]
[Black "Miezis,N"]
[Result "1/2-1/2"]
[WhiteElo "2348"]
[BlackElo "2525"]

1.e4 c5 2.Nf3 e6 3.d4 cxd4 4.Nxd4 a6 5.Bd3 Nf6 6.O-O Qc7 7.a4 Nc6 8.Nxc6 dxc6
9.Be3 e5 10.a5 Bb4 11.Bb6 Qe7 12.Nd2 Be6 13.c3 Bc5 14.Bxc5 Qxc5 15.Be2 O-O
16.Qc2 Rfd8 17.b4 Qe7 18.Rfd1 c5 19.b5 axb5 20.Bxb5 Qc7 21.Qa4 Rd6 22.f3 g6
23.Be2 Kg7 24.g3 Rad8 25.Nf1 Bd7 26.Qa3 Rxd1 27.Rxd1 Ra8 28.Ra1 b5 29.Ne3 c4
30.Kg2 Bc6 31.Kf2 Ra6 32.Qc5 Nd7 33.Qe7 Rxa5 34.Rd1 Ra7 35.Ng4 Qb6+ 36.Kg2 Qc5
37.Qg5 Kf8 38.Qd8+ Kg7 39.Qg5 Kf8 40.Qd8+ Kg7 41.Qg5  1/2-1/2

[Event "WYb18"]
[Site "Halkidiki GRE"]
[Date "2003.10.27"]
[Round "5"]
[White "Babujian,L"]
[Black "Ibarra Jerez,JC"]
[Result "1-0"]
[WhiteElo "2373"]
[BlackElo "2413"]

1.e4 c5 2.Nf3 e6 3.d4 cxd4 4.Nxd4 a6 5.Bd3 Bc5 6.Be3 d6 7.O-O Nd7 8.Nd2 Ngf6
9.N2b3 Ba7 10.Qe2 O-O 11.Rad1 Qc7 12.f3 b5 13.c4 bxc4 14.Bxc4 Ne5 15.Rc1 Qd7
16.Rfd1 Bb7 17.Na5 Nxc4 18.Rxc4 Rfc8 19.Ndb3 d5 20.Bxa7 Rxa7 21.e5 Ne8 22.Rh4 Ba8
23.Qd3 f5 24.f4 d4 25.Qxd4 Bd5 26.Rh3 Rac7 27.Rc3 Rxc3 28.bxc3 Qb5 29.c4 Bxc4
30.Rc1 Bxb3 31.Rxc8 Bxa2 32.Nc6 h6 33.Rxe8+ Kh7 34.Nb4 Qxe8 35.Nxa2 Qb5 36.Nc3 Qb2
37.h3 a5 38.Kf1 a4 39.Ke1 Qxg2 40.Nxa4 Qh1+ 41.Ke2 Qg2+ 42.Kd1 Qxh3 43.Nc5 h5
44.Qc4 Qf3+ 45.Kc2 Qc6 46.Kc3 h4 47.Nxe6 Qf3+ 48.Kb4 Qb7+ 49.Kc3 Qf3+ 50.Kd4 Qf2+
51.Kd5 h3 52.Ng5+ Kg6 53.Qa4 Kh5 54.Qb3 Qxf4 55.Nxh3 Qe4+ 56.Kd6 Qd4+ 57.Ke6 Kg4
58.Qd5 Qb6+ 59.Kf7 Qc7+ 60.Kg6 Kxh3 61.Kxf5 Qc2+ 62.Kg5 Qc1+ 63.Kg6 Qg1+
64.Kf7 Qa7+ 65.Kf8 g5 66.e6 g4 67.e7 Qa3 68.Qe6 Qc5 69.Kg8 Qg5+ 70.Kh7 Qh5+
71.Qh6 Qxh6+ 72.Kxh6 g3 73.e8=Q g2 74.Qg6 Kh2 75.Qh5+ Kg3 76.Qg5+ Kh3 77.Kg6 Kh2
78.Qh4+ Kg1 79.Kf5 Kf1 80.Qf4+ Ke2 81.Qg3 Kf1 82.Qf3+  1-0

[Event "WYb14"]
[Site "Halkidiki GRE"]
[Date "2003.10.27"]
[Round "5"]
[White "Sai,S"]
[Black "Baldauf,Marc"]
[Result "0-1"]
[WhiteElo "2258"]
[BlackElo "2131"]

1.e4 c5 2.Nf3 e6 3.d4 cxd4 4.Nxd4 a6 5.Bd3 Nf6 6.O-O d6 7.c4 Qc7 8.Qe2 Nbd7
9.Nc3 b6 10.Be3 Bb7 11.Rac1 Be7 12.b3 O-O 13.f3 Rfe8 14.Qf2 Rac8 15.Nde2 Bd8
16.Rfd1 Qb8 17.Bd4 Bc7 18.Qh4 Ne5 19.Bb1 Ba8 20.a4 Ng6 21.Qf2 d5 22.exd5 Bxh2+
23.Kf1 Nh5 24.dxe6 Rxe6 25.Bf5 Ng3+ 26.Nxg3 Bxg3 27.Qc2 Rf8 28.Bxe6 fxe6
29.Bf2 Nh4 30.Ne4 Bxf2 31.Kxf2 Qh2 32.Ke3 Nxg2+ 33.Kd4 Rxf3 34.c5 e5+ 35.Kc4 Ne3+  0-1

[Event "3rd Rohde Open"]
[Site "Sautron FRA"]
[Date "2003.10.27"]
[Round "3"]
[White "Maze,S"]
[Black "Ionescu,Cr"]
[Result "1-0"]
[WhiteElo "2464"]
[BlackElo "2242"]

1.e4 c5 2.Nf3 e6 3.d4 cxd4 4.Nxd4 a6 5.Bd3 Nf6 6.O-O d6 7.Kh1 g6 8.f4 Bg7
9.Nf3 O-O 10.Qe1 Nbd7 11.Nc3 Nc5 12.Be3 b6 13.Rd1 Qc7 14.Qh4 Bb7 15.f5 Rae8
16.Bg5 Ncd7 17.Rd2 Qc5 18.a3 b5 19.fxg6 fxg6 20.Ne2 Nh5 21.b4 Qc7 22.Ng3 Nxg3+
23.hxg3 Ne5 24.Rdf2 Nf7 25.Bf6 Bxf6 26.Qxf6 Ne5 27.Qh4 Qg7 28.Nxe5 Rxf2 29.Rxf2 Qxe5
30.Qg4 Rf8 31.Rxf8+ Kxf8 32.Qf4+ Qxf4 33.gxf4 Ke7 34.e5 dxe5 35.fxe5 Kf7
36.c4 bxc4 37.Bxc4 g5 38.Kg1 h5 39.g3 Bc8 40.Kf2 Kg7 41.a4 Kh6 42.b5 axb5
43.axb5 g4 44.b6 Kg6 45.Bxe6 Bb7 46.Bd7 Kg5 47.Be8 h4 48.gxh4+ Kf5 49.Kg3 Kxe5
50.Kxg4 Kf6 51.Kf4 Ke7 52.Bg6 Kf6 53.Be4 Ba6 54.h5 Kg7 55.Ke5 Kh6 56.Kd6 Kxh5
57.Kc7 Kg5  1-0

[Event "LXVIII ch-ESP Abierto"]
[Site "Burgos ESP"]
[Date "2003.10.31"]
[Round "8"]
[White "Aguera Naredo,J"]
[Black "Perez Candelario,Man"]
[Result "1/2-1/2"]
[WhiteElo "2376"]
[BlackElo "2463"]

1.e4 c5 2.Nf3 e6 3.d4 cxd4 4.Nxd4 a6 5.Bd3 Qc7 6.O-O Nf6 7.Qe2 d6 8.c4 Nbd7
9.Nc3 Be7 10.f4 b6 11.Nf3 Bb7 12.e5 dxe5 13.fxe5 Ng4 14.Be4 Rc8 15.Bxb7 Qxb7
16.h3 Nh6 17.Bxh6 gxh6 18.Qd2 Rxc4 19.Qxh6 b5 20.Qg7 Rf8 21.Qxh7 b4 22.Ne2 Qe4
23.Qxe4 Rxe4 24.Ng3 Re3 25.Rfe1 Bc5 26.Kf1 Ke7 27.Ne4 Ba7 28.Rxe3 Bxe3 29.Rd1 Rc8
30.a3 a5 31.axb4 axb4 32.b3 Bf4 33.Rd4 Rb8 34.Nf6 Nxe5 35.Rxf4 Ng6 36.Nd7 Kxd7
37.Rxf7+ Kd6 38.h4 Rh8 39.g3 Ne7 40.g4 Nd5 41.g5 e5 42.g6 Nf4 43.Rf5 Ke6
44.Nd4+ Kd5 45.Nc2 Nxg6 46.h5 Nf4 47.Nxb4+ Ke4 48.Rg5 Rc8 49.Ke1 Rh8 50.Nc6  1/2-1/2

[Event "Autumn"]
[Site "Venice ITA"]
[Date "2003.11.01"]
[Round "3"]
[White "Kasparov,S"]
[Black "Djuric,S"]
[Result "1/2-1/2"]
[WhiteElo "2482"]
[BlackElo "2488"]

1.e4 c5 2.Nf3 e6 3.d4 cxd4 4.Nxd4 a6 5.Bd3 Qb6 6.Nb3 Nc6 7.O-O Nf6 8.Qe2 d6
9.Be3 Qc7 10.f4 Be7 11.c4 Nb4 12.Nc3 Nxd3 13.Qxd3 O-O 14.Rac1 b6 15.Nd2 Bb7
16.h3 Rac8 17.Bd4 Nd7 18.Qg3 Bf6 19.Bxf6 Nxf6 20.Kh2 Rfd8 21.a4 Qc5 22.Rce1 h6
23.Re2 e5 24.fxe5 Nh5 25.Qf2 Qxe5+ 26.g3 Kh8 27.Nd5 b5 28.axb5 axb5 29.Nf3 Qe8
30.g4 Rxc4 31.gxh5 Rxe4 32.Nc3 Rxe2 33.Qxe2 b4 34.Qxe8+ Rxe8 35.Nb5 Re2+
36.Kg3 Rxb2 37.Nxd6 Bd5 38.Rd1 Bb3 39.Rc1 Bd5 40.Rc5 Be6 41.Nd4 Ba2 42.Rb5 Kh7
43.Nc6 Rd2 44.Nxb4 Rxd6 45.Nxa2 Rd3+ 46.Kg4 Rd4+ 47.Kf3 Rd3+ 48.Kf4 Rxh3  1/2-1/2

[Event "ch-UKR"]
[Site "Simferopol UKR"]
[Date "2003.11.05"]
[Round "2"]
[White "Zhornik,N"]
[Black "Kruglyakov,P"]
[Result "0-1"]
[WhiteElo "2302"]
[BlackElo "2066"]

1.e4 c5 2.Nf3 e6 3.d4 cxd4 4.Nxd4 a6 5.Bd3 Nf6 6.O-O d6 7.c4 g6 8.Nc3 Bg7
9.Be3 O-O 10.Be2 Qc7 11.Rc1 b6 12.Qd2 Bb7 13.f3 Nbd7 14.Rfd1 Rfe8 15.Bf1 Rac8
16.Ndb5 axb5 17.Nxb5 Qb8 18.Nxd6 Bf8 19.Nxe8 Rxe8 20.b4 Ne5 21.a3 Rc8 22.Bxb6 Bxe4
23.Bd4 Ba8 24.Qg5 Nfd7 25.f4 Nc6 26.Be3 Be7 27.Qg3 Nf6 28.Bd3 Nh5 29.Qf2 Bd6
30.Rf1 g5 31.Qf3 Nxf4 32.Bxf4 Bxf4 33.Qe4 Ne5 34.Qxh7+ Kf8 35.Rce1 Ke7 36.Rxf4 gxf4
37.Qh4+ f6 38.Qh7+ Nf7 39.Bf5 e5 40.Bxc8 Qxc8 41.Qc2 f3 42.gxf3 Ng5 43.Re3 Qh3
44.Qg2 Qf5 45.Kf2 Nh3+ 46.Kf1 Qb1+ 47.Re1 Qd3+ 48.Re2 Ng5 49.Kf2 Qd4+ 50.Kf1 Bxf3
51.Qf2 Qd1+  0-1

[Event "ch-UKR w"]
[Site "Nikolaev UKR"]
[Date "2003.11.06"]
[Round "3"]
[White "Aslanian,L"]
[Black "Muzychuk,A"]
[Result "0-1"]
[WhiteElo "2193"]
[BlackElo "2325"]

1.e4 c5 2.Nf3 e6 3.d4 cxd4 4.Nxd4 a6 5.Bd3 Bc5 6.Nb3 Ba7 7.Nc3 Nc6 8.Qe2 d6
9.Be3 Bxe3 10.Qxe3 Nge7 11.Qg3 O-O 12.O-O e5 13.Rad1 Be6 14.Rd2 Qc7 15.Rfd1 Rad8
16.Nd5 Bxd5 17.exd5 Nb8 18.c4 b6 19.f4 Ng6 20.Bxg6 hxg6 21.fxe5 dxe5 22.d6 Qxc4
23.Qxe5 Nd7 24.Qd4 Qxd4+ 25.Rxd4 Ne5 26.Rb4 Rb8 27.Rd5 f6 28.Nd4 Rfc8 29.Ne6 Rc1+
30.Kf2 Rc6 31.Nd4 Nd3+ 32.Kf3 Nxb4 33.Nxc6 Nxc6 34.d7 Rd8 35.Ke4 Ne5 36.Rd6 Nxd7
37.Kd5 Kf7 38.g4 f5 39.g5 Nf6+ 40.gxf6 Rxd6+ 41.Kxd6 Kxf6  0-1

[Event "ch-UKR"]
[Site "Simferopol UKR"]
[Date "2003.11.06"]
[Round "3"]
[White "Pasko,A"]
[Black "Simantsev,M"]
[Result "0-1"]
[WhiteElo "2303"]
[BlackElo "2407"]

1.e4 c5 2.Nf3 e6 3.d4 cxd4 4.Nxd4 a6 5.Bd3 Nf6 6.c4 d6 7.Nc3 Be7 8.O-O O-O
9.Kh1 Qc7 10.f4 Rd8 11.Qe2 Nbd7 12.Nf3 Nf8 13.Be3 b6 14.Rac1 Bb7 15.b4 Rab8
16.a3 Re8 17.Nd4 Rbc8 18.Nb3 N8d7 19.a4 Qb8 20.a5 bxa5 21.Nxa5 Ba8 22.Rb1 Qc7
23.Rfc1 Rb8 24.Qa2 g5 25.fxg5 Ng4 26.Bf4 Nde5 27.Bxe5 Nxe5 28.Qd2 Qd8 29.h4 h6
30.Be2 hxg5 31.h5 g4 32.Rf1 Bg5 33.Qd1 Bd2 34.Bxg4 Bxc3 35.Rb3 Qh4+ 36.Bh3 Bxb4
37.Qb1 Bxe4 38.Qb2 Bc5  0-1

[Event "1st Chesspangenberg Open"]
[Site "Buenos Aires ARG"]
[Date "2003.11.07"]
[Round "4"]
[White "Mareco,S"]
[Black "Varela,G"]
[Result "1-0"]
[WhiteElo "2162"]
[BlackElo "2382"]

1.e4 c5 2.Nf3 e6 3.d4 cxd4 4.Nxd4 a6 5.Bd3 Bc5 6.Nb3 Ba7 7.O-O Nc6 8.c4 d6
9.Nc3 Nge7 10.Qe2 O-O 11.Be3 e5 12.Nd5 Ng6 13.Bxa7 Nxa7 14.Qe3 Nc6 15.Rfd1 Re8
16.Bf1 Be6 17.Nb6 Rb8 18.c5 Bxb3 19.Rxd6 Qe7 20.Rd7 Qf6 21.axb3 Red8 22.Bc4 Nge7
23.Rad1 Nd4 24.f4 Ndc6 25.R1d6 Qxf4 26.Qxf4 exf4 27.Rc7 h6 28.Rdd7 Kf8 29.Bd5 Ke8
30.Bxc6 Rxd7 31.Ba4  1-0